El socialismo
Guardado en:
| Autor principal: | |
|---|---|
| Formato: | Libro |
| Lenguaje: | español |
| Publicado: |
Madrid
Editora Nacional
1982
|
| Colección: | Clásicos para una Biblioteca Contemporánea. Pensamiento. José Manuel Pérez Prendes, 22
|
| Materias: | |
| Etiquetas: |
Agregar Etiqueta
Sin Etiquetas, Sea el primero en etiquetar este registro!
|
MARC
| LEADER | 00000nam a2200000 a 4500 | ||
|---|---|---|---|
| 001 | UCV1102 | ||
| 003 | CL-VaPUC | ||
| 008 | 891016e19820000SP |||||||||||||||||spa|d | ||
| 082 | 0 | 4 | |a 321.6 |b DUR |2 21 |
| 100 | 0 | |a Durkheim, Emilio |e author |9 295348 | |
| 245 | 1 | 3 | |a El socialismo |
| 300 | |a 322 p | ||
| 942 | |c BK | ||
| 945 | |d 19891016 00:00:00 | ||
| 260 | |a Madrid |b Editora Nacional |c 1982 | ||
| 650 | 0 | |a Socialismo |9 255260 | |
| 650 | 0 | |a Sociología política |9 255920 | |
| 583 | |a last modification |c 19891016 00:00:00 |k Rodrigo Vera | ||
| 490 | 0 | |a Clásicos para una Biblioteca Contemporánea. Pensamiento. José Manuel Pérez Prendes, 22 | |
| 999 | |c 209163 |d 209161 | ||
| 952 | |0 0 |1 0 |4 0 |6 321_600000000000000_DUR_1982 |7 0 |8 A |9 184389 |a BIBDER |b BIBDER |d 2019-11-14 |i 2516535 |o 321.6 DUR 1982 |p 2516535 |r 2023-01-25 |w 2019-11-14 |y BK |k DER | ||